[Event "Int. Stuttgarter Stadtmeisterschaft B"]
[Site "Ditzingen"]
[Date "2014.05.29"]
[Round "2.26"]
[White "Reichardt, Bernd"]
[Black "Kreiner, Bernhard"]
[Result "1/2-1/2"]
[WhiteElo "1759"]
[BlackElo "1409"]
[PlyCount "57"]
[EventDate "2014.??.??"]
[WhiteTeam "SF Markgr�flerland e."]
[BlackTeam "SC Neckarsulm e.V."]

1. Nf3 d6 2. d4 h6 3. c4 Bg4 4. Qb3 Bxf3 5. gxf3 Qc8 6. h4 c6 7. Bh3 Qc7 8. e4
Nf6 9. Nc3 e5 10. d5 Na6 11. Be3 Nh5 12. O-O-O Nf4 13. Bxf4 exf4 14. Ne2 g5 15.
Bf5 Bg7 16. hxg5 hxg5 17. Rxh8+ Bxh8 18. Rh1 Ke7 19. Rh7 Nc5 20. Qc2 Qa5 21.
Nc3 Bxc3 22. bxc3 Qa3+ 23. Kd2 Qa6 24. Bg6 Rf8 25. e5 Qxc4 26. Rxf7+ Rxf7 27.
Bxf7 cxd5 28. Bg8 dxe5 29. Qh7+ 1/2-1/2

[Event "Int. Stuttgarter Stadtmeisterschaft B"]
[Site "Ditzingen"]
[Date "2014.05.29"]
[Round "2.27"]
[White "Mejerski, Stephan"]
[Black "Bauer, Dieter"]
[Result "1/2-1/2"]
[WhiteElo "1672"]
[BlackElo "1733"]
[PlyCount "89"]
[EventDate "2014.??.??"]
[WhiteTeam "SK Schmiden/Cannstatt"]
[BlackTeam "SF 47 Neckartenzlingen"]

1. e4 c5 2. Bc4 e6 3. Nc3 b6 4. Nf3 Bb7 5. O-O d6 6. Re1 Nf6 7. d4 cxd4 8. Nxd4
a6 9. a3 Nbd7 10. Nf3 Be7 11. b3 O-O 12. Ng5 Qb8 13. Bf4 Ne5 14. Bf1 h6 15. Nf3
Rd8 16. Qe2 Qc7 17. Qd2 Bf8 18. Bd3 Rac8 19. Na4 b5 20. Nb2 Nfd7 21. b4 Nb6 22.
Rac1 Nbc4 23. Nxc4 bxc4 24. Bf1 Kh7 25. Qc3 Nxf3+ 26. gxf3 g5 27. Bg3 Bg7 28.
e5 d5 29. Qd4 Rg8 30. Kh1 Qe7 31. c3 Ra8 32. h3 Bc8 33. Bg2 Qa7 34. Qxa7 Rxa7
35. f4 f6 36. fxg5 fxg5 37. f4 gxf4 38. Bxf4 Bd7 39. Be3 Raa8 40. Bd4 Raf8 41.
Rf1 Rxf1+ 42. Rxf1 Rf8 43. Rxf8 Bxf8 44. Bf3 Kg6 45. Kg2 1/2-1/2

[Event "Int. Stuttgarter Stadtmeisterschaft B"]
[Site "Ditzingen"]
[Date "2014.05.29"]
[Round "2.29"]
[White "Domingos, Antonio"]
[Black "Schmidt, Heiko"]
[Result "0-1"]
[WhiteElo "1690"]
[BlackElo "1578"]
[PlyCount "64"]
[EventDate "2014.??.??"]
[WhiteTeam "SF Oeffingen e.V."]
[BlackTeam "SC Stetten a.d.F."]

1. e4 b6 2. Nf3 Bb7 3. Nc3 Nf6 4. d3 e6 5. Bg5 Be7 6. Qd2 c5 7. Nb5 O-O 8. Bxf6
Bxf6 9. Qf4 d5 10. e5 Be7 11. d4 cxd4 12. O-O-O Nd7 13. Kb1 a6 14. Nbxd4 Nc5
15. Nd2 b5 16. h4 Rc8 17. Qg3 Qb6 18. N4b3 Rfd8 19. f4 a5 20. Qf2 a4 21. Nd4 b4
22. f5 exf5 23. Nxf5 Bf8 24. h5 Qe6 25. Re1 Ne4 26. Nxe4 dxe4 27. Qf4 b3 28.
cxb3 axb3 29. a3 Rc2 30. Ne3 Qc6 31. Nxc2 Qxc2+ 32. Ka1 Rd1+ 0-1

[Event "Int. Stuttgarter Stadtmeisterschaft B"]
[Site "Ditzingen"]
[Date "2014.05.29"]
[Round "2.30"]
[White "H�fele, Torsten"]
[Black "Wraga, Hermann"]
[Result "1-0"]
[WhiteElo "1855"]
[BlackElo "1609"]
[PlyCount "48"]
[EventDate "2014.??.??"]
[WhiteTeam "SVG Vaihingen/Enz"]
[BlackTeam "SG Osnabr�ck"]

1. e4 d6 2. Bc4 Nf6 3. d3 g6 4. Nf3 Nbd7 5. c3 e6 6. O-O Bg7 7. Bg5 O-O 8. Bb3
c6 9. Nbd2 Qc7 10. Re1 b5 11. Nf1 Bb7 12. Qd2 a6 13. Bh6 Nc5 14. Bc2 Ncd7 15.
b4 e5 16. Bxg7 Kxg7 17. Nh4 Kh8 18. f4 exf4 19. Qxf4 Ng8 20. d4 Rae8 21. Re3
Re7 22. Rh3 Re6 23. Nf3 Qd8 24. Ng5 Rf6 1-0

[Event "Int. Stuttgarter Stadtmeisterschaft B"]
[Site "Ditzingen"]
[Date "2014.05.29"]
[Round "2.31"]
[White "Petzelberger, Ferdinand"]
[Black "Schr�der, Stefan"]
[Result "1-0"]
[WhiteElo "1591"]
[BlackElo "1845"]
[PlyCount "75"]
[EventDate "2014.??.??"]
[WhiteTeam "VfL Sindelfingen"]
[BlackTeam "EUROCOPTER SG Donauw�rth e.V."]

1. e4 d5 2. exd5 Qxd5 3. d4 Nc6 4. Nf3 e5 5. Nc3 Bb4 6. Bd2 Bxc3 7. Bxc3 e4 8.
Ne5 Nxe5 9. dxe5 Ne7 10. Be2 Be6 11. O-O O-O 12. Qxd5 Nxd5 13. Bd2 Rad8 14.
Rad1 h6 15. c4 Ne7 16. Bb4 Rxd1 17. Rxd1 Re8 18. Kf1 Nc6 19. Bc3 Rd8 20. Rxd8+
Nxd8 21. b3 Nc6 22. Bd1 Kf8 23. Bc2 Bf5 24. Ke2 Ke7 25. Ke3 Ke6 26. Bxe4 Nxe5
27. Bd5+ Kd6 28. Kf4 Nd3+ 29. Kxf5 Nxf2 30. Bxg7 Nd3 31. Bxh6 c6 32. Bxf7 b5
33. h4 Ke7 34. Bg8 Nb4 35. a3 Nc2 36. cxb5 cxb5 37. Bg7 Ne3+ 38. Kg5 1-0

[Event "Int. Stuttgarter Stadtmeisterschaft B"]
[Site "Ditzingen"]
[Date "2014.05.29"]
[Round "2.32"]
[White "Wezel, Sebastian"]
[Black "Walter, Stefan"]
[Result "1-0"]
[WhiteElo "1843"]
[BlackElo "1599"]
[PlyCount "53"]
[EventDate "2014.??.??"]
[WhiteTeam "SV Dettingen Erms"]
[BlackTeam "DJK Stuttgart-S�d"]

1. e4 c6 2. d4 d5 3. e5 Bf5 4. Nc3 Qd7 5. Be2 e6 6. Be3 c5 7. Bb5 Nc6 8. dxc5
Qc7 9. f4 O-O-O 10. Bxc6 Qxc6 11. Qd4 Ne7 12. Nge2 Bg4 13. Ng3 Nf5 14. Nxf5
Bxf5 15. O-O Be7 16. b4 b6 17. cxb6 axb6 18. a4 Kd7 19. Nb5 Rb8 20. Rfd1 Qxc2
21. Rdc1 Qd3 22. Rc7+ Kd8 23. Rac1 Qxd4 24. Bxd4 Bxb4 25. Bxb6 Ke8 26. Rc8+ Ke7
27. R1c7# 1-0

[Event "Int. Stuttgarter Stadtmeisterschaft B"]
[Site "Ditzingen"]
[Date "2014.05.29"]
[Round "2.33"]
[White "Piskaykin, Bogdan"]
[Black "Handel, Oliver"]
[Result "1-0"]
[WhiteElo "1672"]
[BlackElo "1597"]
[PlyCount "120"]
[EventDate "2014.??.??"]
[WhiteTeam "SV Friedrichshafen"]
[BlackTeam "SF 59 Kornwestheim"]

1. e4 e5 2. Nf3 Nc6 3. Bb5 a6 4. Ba4 Nf6 5. O-O b5 6. Bb3 Bb7 7. Ng5 d5 8. exd5
Nd4 9. Nf3 Nxb3 10. axb3 Bd6 11. c4 O-O 12. d3 c6 13. dxc6 Bxc6 14. Re1 Qc7 15.
Nc3 h6 16. Ne4 Nxe4 17. dxe4 Bb4 18. Bd2 Rfd8 19. Qc2 Bxd2 20. Nxd2 Rd7 21.
Rec1 Qb7 22. cxb5 Bxb5 23. Nc4 Rc8 24. Rd1 Rdc7 25. Rac1 Qc6 26. Qd3 Qe6 27.
Qd5 Bxc4 28. bxc4 Qxd5 29. exd5 Rxc4 30. Rxc4 Rxc4 31. d6 Rc8 32. g3 f6 33. Kg2
Kf7 34. d7 Rd8 35. Ra1 Rxd7 36. Rxa6 Rb7 37. Ra2 Ke6 38. Kf3 Rb3+ 39. Ke2 e4
40. Kd1 f5 41. Kc1 Rf3 42. b4 Rb3 43. Rb2 Rxb2 44. Kxb2 Kd5 45. Kc3 g5 46. b5
f4 47. b6 e3 48. fxe3 f3 49. b7 f2 50. b8=Q f1=Q 51. Qd8+ Ke5 52. Qd4+ Ke6 53.
Qc4+ Qxc4+ 54. Kxc4 Ke5 55. Kd3 h5 56. e4 h4 57. Ke3 hxg3 58. hxg3 g4 59. Kd3
Ke6 60. Kd4 Kd6 1-0

[Event "Int. Stuttgarter Stadtmeisterschaft B"]
[Site "Ditzingen"]
[Date "2014.05.29"]
[Round "2.34"]
[White "Awiszus, Thomas"]
[Black "Kissel, Ralf"]
[Result "0-1"]
[WhiteElo "1605"]
[BlackElo "1759"]
[PlyCount "76"]
[EventDate "2014.??.??"]
[WhiteTeam "SK Schmiden/Cannstatt"]
[BlackTeam "SK 1912 Ludwigshafen"]

1. Nf3 e6 2. a3 d5 3. e3 c5 4. d4 Nf6 5. Ne5 Bd7 6. Be2 Nc6 7. f4 cxd4 8. exd4
Rc8 9. O-O b6 10. Be3 Be7 11. Qd3 Na5 12. Nd2 Rc7 13. Bf2 Qc8 14. c3 a6 15. Qh3
Bb5 16. Rae1 Bxe2 17. Rxe2 O-O 18. Bh4 Nc4 19. Ndxc4 dxc4 20. g4 Nd5 21. Bxe7
Nxe7 22. f5 exf5 23. gxf5 f6 24. Ng4 Nxf5 25. Rg2 Kh8 26. Rgf2 Nd6 27. Qf3 Re7
28. Ne3 b5 29. Nd5 Re4 30. Rg2 Qe6 31. Qg3 g6 32. Nf4 Qe7 33. Nxg6+ hxg6 34.
Qxg6 Qh7 35. Qxh7+ Kxh7 36. Rf3 Rh4 37. Rfg3 Ne4 38. Re3 Rg8 0-1

[Event "Int. Stuttgarter Stadtmeisterschaft B"]
[Site "Ditzingen"]
[Date "2014.05.29"]
[Round "2.35"]
[White "Fischer, Reinhardt"]
[Black "Wurm, Frank"]
[Result "1/2-1/2"]
[WhiteElo "1756"]
[BlackElo "1593"]
[PlyCount "69"]
[EventDate "2014.??.??"]
[WhiteTeam "SK 1912 Ludwigshafen"]
[BlackTeam "SF Simmersfeld"]

1. e4 e5 2. Bc4 d6 3. c3 h6 4. Bb3 Nf6 5. d3 Qe7 6. Nf3 Bg4 7. Nbd2 Nbd7 8. Nf1
Nc5 9. Bc2 Bh5 10. h3 Bg6 11. Qe2 c6 12. Be3 d5 13. Bxc5 Qxc5 14. exd5 Nxd5 15.
Qxe5+ Kd7 16. Qd4 Re8+ 17. Kd2 Qxd4 18. Nxd4 Bc5 19. Ne3 Bxd4 20. cxd4 Nf4 21.
g3 Ne6 22. d5 cxd5 23. Ba4+ Kd6 24. Bxe8 Rxe8 25. b4 Nd4 26. Rhd1 Nc6 27. Nc2
Ne5 28. Ne1 Nc6 29. a3 Nd4 30. Rab1 Re2+ 31. Kc3 Nb5+ 32. Kb3 Nd4+ 33. Kc3 Nb5+
34. Kb3 Nd4+ 35. Kc3 1/2-1/2

[Event "Int. Stuttgarter Stadtmeisterschaft B"]
[Site "Ditzingen"]
[Date "2014.05.29"]
[Round "2.36"]
[White "Gottwald, Helmut"]
[Black "Helmich, J�rg"]
[Result "1/2-1/2"]
[WhiteElo "1597"]
[BlackElo "1749"]
[PlyCount "35"]
[EventDate "2014.??.??"]
[WhiteTeam "SV Dicker Turm Esslingen"]
[BlackTeam "Regensb. Turnerschaft"]

1. d4 Nf6 2. Bg5 Ne4 3. Bf4 c5 4. dxc5 Qa5+ 5. c3 Qxc5 6. Qd4 Qxd4 7. cxd4 e6
8. Nd2 Nxd2 9. Bxd2 Nc6 10. e3 b6 11. Be2 Bb7 12. Nf3 Be7 13. O-O O-O 14. Rfc1
Rac8 15. Rc2 Nb4 16. Rxc8 Rxc8 17. a3 Nd5 18. Rc1 1/2-1/2

[Event "Int. Stuttgarter Stadtmeisterschaft B"]
[Site "Ditzingen"]
[Date "2014.05.29"]
[Round "2.37"]
[White "Notz, Lukas"]
[Black "Thakkar, Amish"]
[Result "1-0"]
[WhiteElo "1743"]
[BlackElo "1585"]
[PlyCount "99"]
[EventDate "2014.??.??"]
[WhiteTeam "SV Dettingen Erms"]
[BlackTeam "Rochade Metzingen e.V."]

1. d4 Nf6 2. c4 g6 3. Nc3 Bg7 4. e4 d6 5. Be2 e5 6. d5 Na6 7. Be3 O-O 8. f3 Qe7
9. Qd2 Nd7 10. g4 Ndc5 11. h4 f5 12. gxf5 gxf5 13. Bh6 f4 14. Bxg7 Qxg7 15.
O-O-O Kh8 16. Nh3 Bxh3 17. Rxh3 Qg2 18. Rhh1 Rg8 19. Rdf1 Nb4 20. Nb5 Nba6 21.
Qe1 Qg3 22. Rhg1 Qxe1+ 23. Rxe1 Nb4 24. Kd2 a6 25. Nxc7 Rac8 26. Rxg8+ Kxg8 27.
a3 Rxc7 28. axb4 Nb3+ 29. Kc3 Nd4 30. Rg1+ Kf8 31. Bd1 b5 32. b3 Kf7 33. h5
bxc4 34. bxc4 Nb5+ 35. Kd3 Nd4 36. h6 Kf6 37. Rg8 Rb7 38. Kc3 Rc7 39. Ra8 Kg6
40. Rxa6 Kxh6 41. Rxd6+ Kg5 42. Rd8 h5 43. Rg8+ Kf6 44. c5 Rh7 45. d6 h4 46.
Ba4 h3 47. d7 Ne6 48. c6 Kf7 49. Bb3 h2 50. d8=Q 1-0

[Event "Int. Stuttgarter Stadtmeisterschaft B"]
[Site "Ditzingen"]
[Date "2014.05.29"]
[Round "2.38"]
[White "Blum, Michael"]
[Black "Goda, Frederic"]
[Result "0-1"]
[WhiteElo "1594"]
[BlackElo "1718"]
[PlyCount "98"]
[EventDate "2014.??.??"]
[WhiteTeam "SC Aidlingen"]
[BlackTeam "SC Wei�e Dame Ulm e.V."]

1. e4 c5 2. Nf3 d6 3. d4 cxd4 4. Nxd4 Nf6 5. Nc3 a6 6. Bc4 e6 7. Bb3 Be7 8. Be3
b5 9. a3 Qc7 10. O-O O-O 11. f3 Nc6 12. Nxc6 Qxc6 13. Re1 Bb7 14. Bg5 Ng4 15.
fxg4 Bxg5 16. Qd3 Rad8 17. Qg3 Bf6 18. Rad1 Qc5+ 19. Qe3 Bg5 20. Qf2 Bc6 21. g3
Rd7 22. h4 Be7 23. Rd2 Qxf2+ 24. Kxf2 g5 25. h5 Bf6 26. Nd1 Rfd8 27. c3 d5 28.
e5 Be7 29. Bc2 Bc5+ 30. Kf1 a5 31. b4 Bb6 32. Bd3 axb4 33. axb4 Ra7 34. Nf2 Ra3
35. Rc2 Rda8 36. Rb1 Ra2 37. Rbb2 Ra1+ 38. Ke2 Bc7 39. Nh3 h6 40. Kf2 Bxe5 41.
Ng1 Kg7 42. Nf3 Bc7 43. Re2 Bb6+ 44. Kg2 R8a3 45. Rbc2 d4 46. Be4 Bxe4 47. Rxe4
d3 48. Rb2 Rxc3 49. Re5 Rc2+ 0-1

[Event "Int. Stuttgarter Stadtmeisterschaft B"]
[Site "Ditzingen"]
[Date "2014.05.29"]
[Round "2.39"]
[White "Lehnhardt, Julian"]
[Black "Gheng, Hannelore"]
[Result "1-0"]
[WhiteElo "1593"]
[BlackElo "1691"]
[PlyCount "35"]
[EventDate "2014.??.??"]
[WhiteTeam "SV Weil der Stadt"]
[BlackTeam "SF Deizisau"]

1. e4 c5 2. Nc3 e6 3. f4 g6 4. Nf3 Bg7 5. Bc4 h6 6. a4 Qa5 7. Ra3 Ne7 8. O-O
O-O 9. Qe1 Nbc6 10. e5 Nd4 11. Nxd4 cxd4 12. Ne4 Qc7 13. Bd3 Nf5 14. g4 d5 15.
Nf6+ Bxf6 16. exf6 Kh8 17. Bxf5 gxf5 18. Rh3 1-0

[Event "Int. Stuttgarter Stadtmeisterschaft B"]
[Site "Ditzingen"]
[Date "2014.05.29"]
[Round "2.40"]
[White "Kurpiela, Franz"]
[Black "Dallinger, Moritz"]
[Result "0-1"]
[WhiteElo "1687"]
[BlackElo "1544"]
[PlyCount "50"]
[EventDate "2014.??.??"]
[WhiteTeam "TSG �hringen"]
[BlackTeam "SV Stuttgart-Wolfbusch 1956 e.V."]

1. e4 c5 2. Nc3 a6 3. f4 e6 4. Nf3 b5 5. a3 Bb7 6. d3 Nf6 7. Be2 Be7 8. O-O d6
9. Qe1 Nbd7 10. Be3 Qc7 11. b4 Rc8 12. bxc5 dxc5 13. Qg3 g6 14. Qh3 O-O 15. f5
exf5 16. exf5 Bxf3 17. Bxf3 Qe5 18. Ne4 Nxe4 19. fxg6 fxg6 20. Bxe4 Nb6 21.
Rae1 Rxf1+ 22. Rxf1 Rf8 23. Rxf8+ Bxf8 24. Bc1 c4 25. Qe3 Bc5 0-1

[Event "Int. Stuttgarter Stadtmeisterschaft B"]
[Site "Ditzingen"]
[Date "2014.05.29"]
[Round "2.41"]
[White "Weisensel, Wolfgang"]
[Black "Schranz, Patrick"]
[Result "1/2-1/2"]
[WhiteElo "1685"]
[BlackElo "1512"]
[PlyCount "74"]
[EventDate "2014.??.??"]
[WhiteTeam "Stuttgarter SF 1879"]
[BlackTeam "SC Feuerbach e. V."]

1. Nf3 d5 2. e3 Nc6 3. d4 Nf6 4. c4 e6 5. Be2 Bd6 6. Nc3 O-O 7. O-O b6 8. a3
Bb7 9. Qc2 dxc4 10. Bxc4 e5 11. d5 Na5 12. Ba2 h6 13. b4 Ba6 14. bxa5 Bxf1 15.
Kxf1 bxa5 16. e4 Qe7 17. Qa4 Bc5 18. h3 Bb6 19. Bd2 Qc5 20. Nd1 Rfe8 21. Be3
Qd6 22. Rc1 Rad8 23. Bxb6 axb6 24. Bb1 Nd7 25. Rc6 Nc5 26. Rxd6 Nxa4 27. Rxd8
Rxd8 28. Ke2 f6 29. Ba2 Nc5 30. d6+ Kf8 31. dxc7 Rc8 32. Nd2 Rxc7 33. f3 b5 34.
Nc3 b4 35. axb4 axb4 36. Nd5 Rb7 37. Bb3 Ke8 1/2-1/2

[Event "Int. Stuttgarter Stadtmeisterschaft B"]
[Site "Ditzingen"]
[Date "2014.05.29"]
[Round "2.42"]
[White "Tsybulevsky, Juri"]
[Black "Kalwei, Reinhard"]
[Result "1-0"]
[WhiteElo "1676"]
[BlackElo "1489"]
[PlyCount "36"]
[EventDate "2014.??.??"]
[WhiteTeam "Stuttgarter SF 1879"]
[BlackTeam "SC Aidlingen"]

1. d4 d5 2. c4 e6 3. Nc3 c6 4. Nf3 Bb4 5. e3 Nf6 6. Qb3 Ba5 7. Bd2 Bxc3 8. bxc3
Ne4 9. Bc1 O-O 10. Bd3 c5 11. Qc2 cxd4 12. cxd4 Qa5+ 13. Nd2 Nf6 14. O-O Bd7
15. Nb3 Qc7 16. Ba3 Re8 17. Rac1 Ba4 18. Qe2 Nc6 1-0

[Event "Int. Stuttgarter Stadtmeisterschaft B"]
[Site "Ditzingen"]
[Date "2014.05.29"]
[Round "2.43"]
[White "F�rderer, Carl"]
[Black "Ku�mann, Alexander"]
[Result "0-1"]
[WhiteElo "1547"]
[BlackElo "1657"]
[PlyCount "30"]
[EventDate "2014.??.??"]
[WhiteTeam "SC Wei�e Dame Ulm e.V."]
[BlackTeam "SC Aidlingen"]

1. e4 c5 2. Nf3 e6 3. d3 Nc6 4. Bf4 Nf6 5. Nc3 d5 6. Nb5 Qa5+ 7. Nc3 d4 8. Qd2
dxc3 9. bxc3 Be7 10. d4 Nxe4 11. Qe3 Nxc3 12. Qd2 O-O 13. dxc5 Bxc5 14. Ne5
Bxf2+ 15. Kxf2 Ne4+ 0-1

[Event "Int. Stuttgarter Stadtmeisterschaft B"]
[Site "Ditzingen"]
[Date "2014.05.29"]
[Round "2.44"]
[White "Petitto, Francesco"]
[Black "Haro, Niel"]
[Result "0-1"]
[WhiteElo "1647"]
[BlackElo "1526"]
[PlyCount "66"]
[EventDate "2014.??.??"]
[WhiteTeam "SK Sontheim/Brenz e.V."]
[BlackTeam "Stuttgarter SF 1879"]

1. e4 Nc6 2. Nc3 e6 3. f4 b6 4. Nf3 Bb7 5. d4 Bb4 6. Bd2 Nf6 7. e5 Bxc3 8. Bxc3
Nd5 9. Bd2 O-O 10. c4 Nde7 11. Bd3 Ng6 12. Qc2 Nce7 13. O-O-O d5 14. c5 Nc6 15.
h4 Re8 16. h5 Nf8 17. Kb1 bxc5 18. Qxc5 Rb8 19. Bb5 Nd7 20. Qc2 Ne7 21. Ng5 Nf5
22. Nxh7 Nxd4 23. Qd3 Nxb5 24. Ng5 Nf8 25. Qxb5 d4 26. h6 Be4+ 27. Nxe4 Rxb5
28. Rh3 Qa8 29. Ng5 gxh6 30. Rxh6 Reb8 31. b3 Qd5 32. Rdh1 Ng6 33. g4 Rxb3+ 0-1

[Event "Int. Stuttgarter Stadtmeisterschaft B"]
[Site "Ditzingen"]
[Date "2014.05.29"]
[Round "2.45"]
[White "Steinhart, Matthias"]
[Black "Bausch, Raimund"]
[Result "0-1"]
[WhiteElo "1779"]
[BlackElo "1608"]
[PlyCount "44"]
[EventDate "2014.??.??"]
[WhiteTeam "SF Freiberg"]
[BlackTeam "Stuttgarter SF 1879"]

1. e4 c6 2. d4 d5 3. e5 Bf5 4. Nc3 e6 5. g4 Bg6 6. Nge2 Bb4 7. h4 h5 8. Nf4 Be4
9. f3 Bg6 10. Nxg6 fxg6 11. Bd3 Ne7 12. Bg5 Kd7 13. Bxg6 hxg4 14. O-O Qb6 15.
Bxe7 Bxe7 16. h5 Na6 17. fxg4 Raf8 18. Qd2 c5 19. Na4 Qb5 20. Nxc5+ Nxc5 21.
dxc5 Bxc5+ 22. Kh1 Rxf1+ 0-1

[Event "Int. Stuttgarter Stadtmeisterschaft B"]
[Site "Ditzingen"]
[Date "2014.05.29"]
[Round "2.46"]
[White "Raabe, Stephan"]
[Black "Merk, Daniel"]
[Result "1-0"]
[WhiteElo "1575"]
[BlackElo "1677"]
[PlyCount "114"]
[EventDate "2014.??.??"]
[WhiteTeam "SF Freiberg"]
[BlackTeam "Schach-Pinguine Murrhardt e.V."]

1. e4 c6 2. d4 d5 3. exd5 cxd5 4. Bd3 Nc6 5. c3 Nf6 6. Nd2 Bg4 7. Ngf3 e6 8.
O-O Bd6 9. Re1 Qc7 10. h3 Bh5 11. Nf1 O-O 12. Bg5 Nd7 13. Bh4 a6 14. Bg3 b5 15.
Bxd6 Qxd6 16. a3 e5 17. dxe5 Ndxe5 18. Be2 Bg6 19. Nd4 Nxd4 20. Qxd4 Nc6 21.
Qd2 Rad8 22. Rad1 d4 23. cxd4 Qxd4 24. Qc1 Qb6 25. Rxd8 Rxd8 26. Rd1 Nd4 27.
Ng3 h6 28. Qe3 f5 29. Kf1 f4 30. Qxf4 Nxe2 31. Rxd8+ Qxd8 32. Kxe2 Qd3+ 33. Ke1
Qb1+ 34. Ke2 Qxb2+ 35. Qd2 Qxa3 36. Nf5 Bxf5 37. Qd5+ Kh8 38. Qxf5 Qb2+ 39. Ke1
Qf6 40. Qc8+ Kh7 41. Qc2+ Qg6 42. Qc8 b4 43. Qc4 Qb1+ 44. Ke2 a5 45. g4 a4 46.
f4 b3 47. f5 Qb2+ 48. Kd3 Qa1 49. Qf7 Qd1+ 50. Kc3 Qc2+ 51. Kb4 Qc6 52. Ka3 Qb6
53. Kb2 a3+ 54. Kxa3 b2 55. Qg6+ Qxg6 56. fxg6+ Kxg6 57. Kxb2 Kg5 1-0

[Event "Int. Stuttgarter Stadtmeisterschaft B"]
[Site "Ditzingen"]
[Date "2014.05.29"]
[Round "2.47"]
[White "Schwarz, Manuel"]
[Black "Mayer, Markus"]
[Result "1-0"]
[WhiteElo "1537"]
[BlackElo "1631"]
[PlyCount "77"]
[EventDate "2014.??.??"]
[WhiteTeam "SVG Vaihingen/Enz"]
[BlackTeam "SC Erdmannhausen"]

1. Nf3 d5 2. c4 c6 3. b3 Nf6 4. Bb2 Bf5 5. g3 Nbd7 6. d3 e6 7. Bg2 Be7 8. O-O
O-O 9. Nh4 Bg4 10. Nd2 Ne8 11. Nhf3 Nc7 12. Re1 f5 13. cxd5 cxd5 14. Rc1 Rc8
15. Nd4 f4 16. h3 Bh5 17. Rxc7 Rxc7 18. Nxe6 Qc8 19. Nxc7 Qxc7 20. Bxd5+ Kh8
21. g4 Bg6 22. Qc1 Qb6 23. Qa1 Nf6 24. Bc4 Bf7 25. Rc1 Ne8 26. Ne4 Bh4 27. Bd4
Qg6 28. Bxf7 Rxf7 29. Rc8 Rf8 30. f3 h5 31. Bc5 Rg8 32. Qe5 hxg4 33. fxg4 b6
34. Bf2 Bxf2+ 35. Kxf2 Rf8 36. Qe7 Kg8 37. Ng5 f3 38. Qe6+ Qxe6 39. Nxe6 1-0

[Event "Int. Stuttgarter Stadtmeisterschaft B"]
[Site "Ditzingen"]
[Date "2014.05.29"]
[Round "2.48"]
[White "Wraga, Teresa"]
[Black "Giugno, Carmelo"]
[Result "0-1"]
[WhiteElo "1622"]
[BlackElo "1447"]
[PlyCount "105"]
[EventDate "2014.??.??"]
[WhiteTeam "SG Osnabr�ck"]
[BlackTeam "Stuttgarter SF 1879"]

1. e4 e5 2. Nc3 Nf6 3. g3 Nc6 4. Bg2 Be7 5. Nge2 b6 6. O-O Bb7 7. d4 exd4 8.
Nxd4 d6 9. Nf5 Bf8 10. Re1 Bc8 11. Nd4 Nxd4 12. Qxd4 c5 13. Qd1 Bb7 14. Nd5 Be7
15. Nxe7 Qxe7 16. Bg5 O-O 17. c3 Rab8 18. Qc2 h6 19. Bxf6 Qxf6 20. Rad1 Rfe8
21. Qd2 Rbd8 22. Qc2 Ba8 23. Re3 Qe7 24. Rde1 Qb7 25. f3 Qc7 26. f4 f6 27. Qb3+
Kh8 28. Qc2 Re7 29. c4 Rde8 30. Qc3 Bc6 31. e5 Bxg2 32. Kxg2 dxe5 33. fxe5 fxe5
34. Re4 Qc6 35. Kg1 Qc7 36. Qe3 a6 37. b3 b5 38. cxb5 axb5 39. Qc3 b4 40. Qe3
Qd6 41. Re2 Qd1+ 42. Kg2 Rf8 43. Rf2 Ref7 44. Rxf7 Rxf7 45. Qe2 Qd5 46. Kg1 Re7
47. Qc4 Qd1+ 48. Kg2 Rd7 49. Qxc5 Rd2+ 50. Kh3 Qf1+ 51. Kg4 h5+ 52. Kg5 Qf6+
53. Kxh5 0-1

[Event "Int. Stuttgarter Stadtmeisterschaft B"]
[Site "Ditzingen"]
[Date "2014.05.29"]
[Round "2.49"]
[White "J�ttner, Maik"]
[Black "Steinmassl, Guido"]
[Result "0-1"]
[WhiteElo "1505"]
[BlackElo "1617"]
[PlyCount "51"]
[EventDate "2014.??.??"]
[WhiteTeam "SpVgg Rommelshausen"]
[BlackTeam "SK e4 Gerlingen"]

1. d4 Nf6 2. Nf3 e6 3. e3 b6 4. Bd3 Bb7 5. Nbd2 c5 6. c3 d5 7. O-O Nbd7 8. Re1
Be7 9. Qc2 O-O 10. e4 c4 11. Bf1 dxe4 12. Ng5 b5 13. Ndxe4 Qc7 14. Nxf6+ Nxf6
15. h4 h6 16. Nh3 Bd6 17. g3 Qc6 18. f3 Qxf3 19. Bg2 Qxg3 20. Re3 Qxg2+ 21.
Qxg2 Bxg2 22. Kxg2 Rfe8 23. Rf3 Nd5 24. Nf2 e5 25. Ne4 Bc7 26. Bxh6 0-1

[Event "Int. Stuttgarter Stadtmeisterschaft B"]
[Site "Ditzingen"]
[Date "2014.05.29"]
[Round "2.50"]
[White "G�nay, Nuri"]
[Black "Albert, Rafael Edwin"]
[Result "1-0"]
[WhiteElo "1611"]
[BlackElo "1306"]
[PlyCount "79"]
[EventDate "2014.??.??"]
[WhiteTeam "SK Sachsenheim"]
[BlackTeam "SF 59 Kornwestheim"]

1. d4 d5 2. c4 e6 3. Nc3 Nf6 4. cxd5 exd5 5. Bg5 Be7 6. Qc2 h6 7. Bh4 c6 8. e3
Nbd7 9. Bd3 Nb6 10. h3 O-O 11. Nf3 Nfd7 12. Bxe7 Qxe7 13. O-O c5 14. Rfe1 c4
15. Bf1 Nf6 16. e4 dxe4 17. Nxe4 Bf5 18. Nxf6+ Qxf6 19. Qc3 Be6 20. Nd2 Rac8
21. Ne4 Qe7 22. Nc5 Rc7 23. Nxe6 fxe6 24. Be2 Qf6 25. Qg3 Rd7 26. Bg4 Re8 27.
Rad1 Kf7 28. Re4 Nd5 29. Rde1 Rde7 30. Rc1 b5 31. Bf3 e5 32. Rce1 exd4 33.
Rxe7+ Nxe7 34. Qc7 d3 35. Bd5+ Kf8 36. Re6 Qxb2 37. Qf4+ Kg8 38. Rxe7+ Kh7 39.
Qf5+ Kh8 40. Rxe8# 1-0

[Event "Int. Stuttgarter Stadtmeisterschaft B"]
[Site "Ditzingen"]
[Date "2014.05.29"]
[Round "2.51"]
[White "Bauer, Frank"]
[Black "Pfeilsticker, Thorsten"]
[Result "0-1"]
[WhiteElo "1350"]
[BlackElo "1609"]
[PlyCount "90"]
[EventDate "2014.??.??"]
[WhiteTeam "SC Feuerbach e. V."]
[BlackTeam "SV Stuttgart-Wolfbusch 1956 e.V."]

1. d4 b5 2. Nf3 Bb7 3. g3 e6 4. Bg2 c5 5. O-O Nf6 6. Bg5 h6 7. Bf4 cxd4 8. Nxd4
Bxg2 9. Kxg2 a6 10. Nd2 Qb6 11. c3 d6 12. Nc2 Nbd7 13. Nb4 a5 14. Nd3 g5 15.
Be3 Qb7+ 16. Kg1 Ng4 17. Nf3 e5 18. Nde1 f5 19. Ng2 Be7 20. Qc2 Rf8 21. Rae1
O-O-O 22. a4 Kb8 23. axb5 f4 24. Bd2 Rc8 25. Qa4 Bd8 26. Qa2 Nc5 27. c4 Bb6 28.
Bxa5 fxg3 29. hxg3 Nd3 30. Bxb6 Nxe1 31. Ngxe1 Qxb6 32. e3 Nxe3 33. fxe3 g4 34.
b3 Qxe3+ 35. Qf2 Qxf2+ 36. Rxf2 gxf3 37. Nd3 Kb7 38. Ra2 e4 39. Nf4 e3 40. Kf1
Rxf4 41. gxf4 Re8 42. Ra1 h5 43. f5 h4 44. f6 h3 45. Kg1 Rf8 0-1

[Event "Int. Stuttgarter Stadtmeisterschaft B"]
[Site "Ditzingen"]
[Date "2014.05.29"]
[Round "2.52"]
[White "Sax, Leon"]
[Black "Pibernik, Dario"]
[Result "1-0"]
[WhiteElo "1475"]
[BlackElo "1609"]
[PlyCount "77"]
[EventDate "2014.??.??"]
[WhiteTeam "SK Sachsenheim"]
[BlackTeam "SV Schorndorf"]

1. e4 c5 2. Nf3 Nc6 3. d4 cxd4 4. Nxd4 e6 5. Nc3 a6 6. a3 Ne5 7. f4 Ng6 8. Be3
Bd6 9. e5 Bc7 10. g3 h5 11. h3 N8e7 12. Bg2 Ba5 13. b4 Qc7 14. Qd3 Bb6 15. Nce2
d6 16. exd6 Qxd6 17. c4 Qb8 18. Rd1 Bd7 19. Nf5 Ba4 20. Nd6+ Kf8 21. Bxb6 Bxd1
22. Qxd1 Nf5 23. Nxb7 Ke7 24. Bc5+ Kf6 25. Nd6 Nxd6 26. Bxd6 Qe8 27. Qd4+ e5
28. fxe5+ Nxe5 29. Rf1+ Kg6 30. Qe4+ Kh6 31. Bxe5 Rd8 32. Bf4+ g5 33. Bxg5+
Kxg5 34. Qf5+ Kh6 35. Qf6+ Kh7 36. Be4+ Kg8 37. Rf5 Rh7 38. Rg5+ Rg7 39. Qxg7#
1-0

[Event "Int. Stuttgarter Stadtmeisterschaft B"]
[Site "Ditzingen"]
[Date "2014.05.29"]
[Round "3.1"]
[White "Issaad, Pascal"]
[Black "Hahn, Lilli"]
[Result "1-0"]
[WhiteElo "1864"]
[BlackElo "1773"]
[PlyCount "79"]
[EventDate "2014.??.??"]
[WhiteTeam "SV Stuttgart-Wolfbusch 1956 e.V."]
[BlackTeam "SV Balingen"]

1. e4 c5 2. d3 Nc6 3. Nf3 d6 4. Nbd2 g6 5. g3 Bg7 6. Bg2 Nf6 7. O-O O-O 8. Nh4
e5 9. Nc4 Rb8 10. a4 Be6 11. h3 a6 12. Ne3 b5 13. axb5 axb5 14. Ng4 Nxg4 15.
hxg4 Qd7 16. f3 c4 17. Be3 cxd3 18. cxd3 Ra8 19. Qd2 Rfc8 20. g5 Bh3 21. g4
Bxg2 22. Nxg2 f6 23. gxf6 Bxf6 24. Rfc1 Qb7 25. Qd1 Rxa1 26. Rxa1 Kf7 27. Qb3+
Ke7 28. g5 Bg7 29. f4 Nd4 30. Bxd4 exd4 31. f5 Be5 32. Qe6+ Kf8 33. fxg6 hxg6
34. Rf1+ Kg7 35. Nh4 Qc7 36. Qxg6+ Kh8 37. Qh6+ Kg8 38. Qe6+ Kg7 39. Nf5+ Kh8
40. Ne7 1-0